000 00341pab a2200133 454500
008 180718b2002 xxu||||| |||| 00| 0 eng d
100 _aKennison, Peter C.
245 _aPolicing diversity - managing complaints against the police
260 _c2002
300 _ap.117-35.
650 _aPolice
773 _aPolice Journal
909 _a53125
999 _c53125
_d53125